000 00427nam a2200169Ia 4500
008 230524s9999 xx 000 0 und d
020 _a8120310624
082 _a5.43
_bKEN
100 _aPeter Kent
_916794
245 4 _aThe Complete Idiot's Guide to the Internet with Windows 95
250 _a1STS
260 _aNEW DELHI
_bPHI
_c1996
300 _a342
500 _aQuantity Number: 1
650 _aComp-Sc
942 _cBK
999 _c25251
_d25251